Countries That Erling Haaland Has Scored Against - Statistics

General Stats
  • This quiz has been taken 168 times
    16 since last reset
  • The average score is 14 of 23
Answer Stats
Goals Country % Correct
2 Austria
90%
1 Denmark
90%
1 Finland
90%
3 Italy
90%
4 Sweden
90%
3 Estonia
80%
6 Moldova
80%
1 Netherlands
70%
3 Romania
70%
1 Scotland
70%
4 Israel
60%
1 Latvia
60%
1 Luxembourg
50%
2 Northern Ireland
50%
2 Armenia
40%
4 Cyprus
40%
1 Georgia
40%
3 Kazakhstan
40%
3 Kosovo
40%
1 Slovakia
40%
4 Slovenia
40%
3 Gibraltar
30%
1 Serbia
30%
No matching quizzes found
Score Distribution
Percent of People with Each Score
Percentile by Number Answered
Your Score History
You have not taken this quiz since the last reset